[Event "AUTO-INT-230"]
[Site "http://www.queenalice.com/game.php?id=158692"]
[Date "2007.1.24"]
[Round "2"]
[White "socioa22"]
[Black "barcino"]
[Result "1-0"]
[WhiteElo "1770"]
[BlackElo "1538"]

1. d4 d5 2. c4 dxc4 3. e3 b5 4. a4 Ba6 5. Nf3 c6 6. Nc3 e6 7. Be2 Bb4 8. Bd2 Bb7
9. axb5 cxb5 10. Nxb5 Bxd2+ 11. Nxd2 Ba6 12. Bxc4 Bb7 13. Nxa7 Bxg2 14. Rg1 Bb7
15. Rxg7 Qb6 16. Qa4+ Nc6 17. Bb5 Ne7 18. Nc4 Qc7 19. Ne5 Kd8 20. Nxf7+ Kd7 21.
Nxh8 Qxh2 22. Bxc6+ Kc7 23. Rxe7+ 1-0

[Event "AUTO-INT-230"]
[Site "http://www.queenalice.com/game.php?id=158693"]
[Date "2007.1.24"]
[Round "2"]
[White "barcino"]
[Black "socioa22"]
[Result "0-1"]
[WhiteElo "1526"]
[BlackElo "1777"]

1. e4 e5 2. Nf3 Nc6 3. Nc3 Nf6 4. b3 Bc5 5. a3 d6 6. Nd5 O-O 7. b4 Bd4 8. c3 Bb6
9. a4 a5 10. b5 Ne7 11. c4 Nxe4 12. Qe2 Bxf2+ 13. Kd1 f5 14. d3 Nxd5 15. cxd5
Nc3+ 16. Kd2 Nxe2 17. Kxe2 Bc5 18. h4 e4 19. dxe4 fxe4 20. Ne1 Rf2+ 21. Kd1 Bg4+
22. Nf3 exf3 23. g3 Qf6 24. Rb1 Qd4+ 0-1

[Event "AUTO-INT-920"]
[Site "http://www.queenalice.com/game.php?id=411847"]
[Date "2008.6.2"]
[Round "1"]
[White "Jamtony"]
[Black "barcino"]
[Result "0-1"]
[WhiteElo "1568"]
[BlackElo "1466"]

1. e4 e6 2. a3 Qh4 3. Qe2 a6 4. Nf3 Qf6 5. e5 Qg6 6. Nc3 d6 7. exd6 Bxd6 8. g3
Qxc2 9. Nd4 Qg6 10. Bg2 c5 11. Be4 Qf6 12. Nf3 h6 13. O-O Qd8 14. d4 cxd4 15.
Nxd4 Nf6 16. b4 Be5 17. b5 Bxd4 18. Bb2 Qb6 19. Qc4 O-O 20. Nd1 Bxb2 21. Nxb2
axb5 22. Qd3 Nbd7 23. a4 Nc5 24. Qe3 Nfxe4 25. Rfb1 Qc6 26. a5 Rd8 27. Rc1 Rd5
28. Kg2 Rd2 29. Rd1 Rxf2+ 30. Kh3 Ng5+ 31. Qxg5 hxg5 32. Nd3 e5+ 33. g4 Qg2# 0-1

[Event "AUTO-INT-920"]
[Site "http://www.queenalice.com/game.php?id=411848"]
[Date "2008.6.2"]
[Round "1"]
[White "barcino"]
[Black "Jamtony"]
[Result "1-0"]
[WhiteElo "1502"]
[BlackElo "1535"]

1. e3 e5 2. Qh5 Qe7 3. a3 Nf6 4. Qf3 a6 5. g3 d5 6. b4 Bg4 7. Qg2 e4 8. h3 Qe5
9. Nc3 Bf3 10. Nxf3 exf3 11. Qxf3 d4 12. Na4 dxe3 13. Qxe3 Ne4 14. Bb2 Qd5 15.
Bd3 f5 16. Nc3 Qc6 17. Nxe4 fxe4 18. Bxe4 Qb6 19. Qf3 Nc6 20. Bxc6+ bxc6 21.
Qh5+ Kd8 22. Qg5+ Kc8 23. O-O Bd6 24. Qxg7 Rf8 25. Rae1 Kb7 26. Re6 Rg8 27. Qf6
Rxg3+ 28. Kh2 Rf3+ 29. Rxd6 Rxf6 30. Rxf6 Rd8 31. d4 h5 32. Re1 h4 33. Re5 Rg8
34. c4 a5 35. Rxa5 Qxa5 36. bxa5 Ra8 37. Bc3 Re8 38. d5 cxd5 39. cxd5 Rd8 40.
a6+ Ka7 41. Bd4+ Ka8 42. f4 Rc8 43. d6 c5 44. d7 Rd8 45. Rd6 cxd4 46. Rxd4 Ka7
47. Rd6 Kb8 48. f5 Kc7 49. Rd4 Kb6 50. Kg2 Kxa6 51. Kf3 Kb6 52. Kg4 Kc5 53. Rd1
Kc4 54. f6 Kc5 55. Kf5 Kc6 56. Ke6 Kc7 57. f7 Rf8 58. Ke7 Ra8 59. f8=Q Rxf8 60.
Kxf8 Kd8 61. a4 1-0

[Event "AUTO-INT-920"]
[Site "http://www.queenalice.com/game.php?id=411859"]
[Date "2008.6.2"]
[Round "1"]
[White "robert_13"]
[Black "barcino"]
[Result "1/2-1/2"]
[WhiteElo "1595"]
[BlackElo "1486"]

1. Nf3 e6 2. Nc3 d5 3. d3 h6 4. e4 dxe4 5. dxe4 a6 6. Qxd8+ Kxd8 7. Ne5 Ke8 8.
Bf4 g5 9. Bg3 Bg7 10. Nd3 c6 11. Be5 Bxe5 12. Nxe5 Nf6 13. O-O-O Nbd7 14. Nxd7
Nxd7 15. Bd3 Ne5 1/2-1/2

[Event "AUTO-INT-920"]
[Site "http://www.queenalice.com/game.php?id=411860"]
[Date "2008.6.2"]
[Round "1"]
[White "barcino"]
[Black "robert_13"]
[Result "1/2-1/2"]
[WhiteElo "1460"]
[BlackElo "1601"]

1. e3 d5 2. h3 e5 3. Qh5 Nc6 4. Bb5 Qd6 5. Nf3 Bd7 6. Na3 g6 7. Qh4 Qb4 8. Qxb4
Nxb4 9. Bxd7+ Kxd7 10. Nxe5+ Ke6 11. f4 Nc6 12. Nxc6 bxc6 13. d4 Nf6 1/2-1/2

[Event "AUTO-INT-920"]
[Site "http://www.queenalice.com/game.php?id=411865"]
[Date "2008.6.2"]
[Round "1"]
[White "yugioh1"]
[Black "barcino"]
[Result "0-1"]
[WhiteElo "1545"]
[BlackElo "1534"]

1. e4 e6 2. Nf3 b6 3. Nc3 Nf6 4. Be2 Nc6 5. O-O g6 6. Qe1 h5 7. d3 a5 8. Bg5 Be7
9. Bxf6 Bxf6 10. a3 Nd4 11. Nxd4 Bxd4 12. Bf3 Bb7 13. g3 g5 14. h3 h4 15. gxh4
Rxh4 16. Bg2 g4 17. hxg4 Rxg4 18. Qe2 Qh4 19. a4 O-O-O 20. Nb5 Be5 21. f3 Qh2+
22. Kf2 Qxg2+ 23. Ke3 Bf4+ 24. Kd4 Qxe2 25. Rfe1 Qxf3 26. Na7+ Kb8 27. Rf1 Qe3+
28. Kc4 d5+ 29. exd5 Qc5+ 30. Kb3 Bxd5+ 31. c4 Qb4+ 32. Ka2 Rg2 33. Rfb1 Qxa4#
0-1

[Event "AUTO-INT-920"]
[Site "http://www.queenalice.com/game.php?id=411866"]
[Date "2008.6.2"]
[Round "1"]
[White "barcino"]
[Black "yugioh1"]
[Result "1-0"]
[WhiteElo "1519"]
[BlackElo "1487"]

1. e3 e5 2. Qh5 Qe7 3. Nf3 d6 4. g4 Nf6 5. Qh4 Bxg4 6. Bg2 Bxf3 7. Bxf3 Nbd7 8.
Bxb7 Rb8 9. Bc6 Rb6 10. Ba4 Ra6 11. b3 Rb6 12. Nc3 Rb8 13. Nb5 Rb7 14. Nc3 g6
15. Ne4 Nxe4 16. Qxe4 Rb8 17. Qc6 Rd8 18. Qxc7 Qh4 19. Qxa7 f6 20. Bb2 Bh6 21.
O-O-O Qxf2 22. Ba3 f5 23. Bxd6 Kf7 24. Bxd7 Kg8 25. Be6# 1-0

[Event "Challenge"]
[Site "http://www.queenalice.com/game.php?id=416912"]
[Date "2008.6.13"]
[Round "-"]
[White "ribeiro_eb"]
[Black "barcino"]
[Result "1/2-1/2"]
[WhiteElo "1262"]
[BlackElo "1519"]

1. e4 e6 2. Nf3 a6 3. d4 Bb4+ 4. c3 Be7 5. Nbd2 h6 6. e5 b5 7. c4 c6 8. cxb5
cxb5 9. Ne4 Nc6 10. Nc5 Bxc5 11. dxc5 f6 12. exf6 Nxf6 13. Bd3 O-O 14. Bc2 Bb7
15. Qd3 Nb4 16. Qe2 Qe7 17. O-O Qxc5 18. Be3 Qxc2 19. Qe1 Qxb2 20. Bd4 Qa3 21.
Qb1 Be4 22. Qc1 1/2-1/2

[Event "QA-ANNIV-04"]
[Site "http://www.queenalice.com/game.php?id=418339"]
[Date "2008.6.16"]
[Round "1"]
[White "fferraz"]
[Black "barcino"]
[Result "0-1"]
[WhiteElo "1530"]
[BlackElo "1473"]

1. e4 e6 2. e5 a6 3. d4 h6 4. Nc3 b5 5. d5 d6 6. dxe6 Bxe6 7. Nf3 d5 8. Bd3 c6
9. b4 g6 10. a4 Nd7 11. axb5 axb5 12. Rxa8 Qxa8 13. Nd4 Bxb4 14. Bd2 Nxe5 15.
Qb1 Qa3 16. O-O Bxc3 17. Bxc3 Qxc3 18. Ne2 Qa3 19. Qb3 Qc5 20. Ra1 Ng4 21. Ra8+
Ke7 22. Qa3 Qxa3 23. Rxa3 N8f6 24. f3 Ne5 25. f4 Neg4 26. h3 Ne3 27. Kf2 Nf5 28.
g4 Nh4 29. Kg3 g5 30. fxg5 hxg5 31. Ra7+ Kd6 32. Nd4 Ng6 33. Ra6 Ne7 34. Nxb5+
Ke5 35. Kf3 cxb5 36. Bxb5 Rxh3+ 37. Kg2 Bxg4 38. Ra7 Ng6 39. Rxf7 Nf4+ 40. Kf2
Ne4+ 41. Ke1 Rh1+ 42. Bf1 Ng2# 0-1

[Event "Challenge"]
[Site "http://www.queenalice.com/game.php?id=422909"]
[Date "2008.6.25"]
[Round "-"]
[White "luiz_gustavo"]
[Black "barcino"]
[Result "1-0"]
[WhiteElo "1465"]
[BlackElo "1490"]

1. e4 e6 2. d4 Qh4 3. Qe2 Nf6 4. Nc3 a6 5. Nf3 Qh5 6. Ne5 Qxe2+ 7. Bxe2 b5 8.
Bf4 d6 9. Ng4 e5 10. Nxf6+ gxf6 11. Be3 Nc6 12. O-O-O a5 13. Nxb5 Kd8 14. Bh5
Be6 15. d5 Bd7 16. dxc6 Bxc6 17. Nc3 Rg8 18. g3 a4 19. Bxf7 Rh8 20. Bd5 Bxd5 21.
Rxd5 a3 22. b3 Be7 23. f4 Rg8 24. fxe5 fxe5 25. Rf1 Kd7 26. b4 c6 27. Ra5 Rgf8
28. Rxf8 Rxa5 29. Rf7 Ke6 30. Rxh7 Ra8 31. Rh6+ Kd7 32. b5 c5 33. Nd5 Bd8 34.
Rh7+ Kc8 35. Rh8 Kb7 36. c4 Ba5 37. Rxa8 Kxa8 38. h4 1-0

[Event "Challenge"]
[Site "http://www.queenalice.com/game.php?id=422910"]
[Date "2008.6.25"]
[Round "-"]
[White "barcino"]
[Black "luiz_gustavo"]
[Result "0-1"]
[WhiteElo "1507"]
[BlackElo "1584"]

1. e3 e5 2. Qh5 Qe7 3. Nf3 Nc6 4. a3 Nf6 5. Qh4 d5 6. Qa4 a6 7. c3 Bd7 8. Qb3 b5
9. h3 Na5 10. Qb4 Qxb4 11. axb4 Nb3 12. Ra3 Nxc1 13. Kd1 Nb3 14. Rxb3 Bd6 15. g4
Ne4 16. Rh2 Be6 17. d3 Nf6 18. d4 exd4 19. Rg2 dxe3 20. fxe3 d4 21. Ra3 dxe3 22.
Nd4 Bd5 23. Re2 Bf4 24. Bg2 Bxg2 25. Rxg2 O-O 26. Ke2 Ne4 27. Kf3 Nd2+ 28. Kxf4
Nxb1 29. Ra1 Nd2 30. Kxe3 Nc4+ 31. Kd3 Nxb2+ 32. Rxb2 Rfd8 33. g5 Rd5 34. h4 a5
35. bxa5 c5 36. Rxb5 Rad8 37. Rab1 g6 38. a6 cxd4 39. Rxd5 Rxd5 40. a7 Ra5 41.
cxd4 Rxa7 42. d5 Kg7 43. Kd4 Ra4+ 44. Ke5 Rxh4 45. d6 Ra4 46. Rb6 Ra5+ 47. Kf4
h5 48. gxh6+ Kxh6 49. d7 Ra8 50. Rd6 Rd8 51. Kg4 Kg7 52. Kg5 Kg8 53. Kf6 Kf8 54.
Ke5 Ke7 55. Rd4 Rxd7 56. Rxd7+ Kxd7 57. Kf6 Ke8 58. Kg5 Ke7 59. Kh6 Kf6 0-1

[Event "AUTO-INT-956"]
[Site "http://www.queenalice.com/game.php?id=429087"]
[Date "2008.7.7"]
[Round "1"]
[White "barcino"]
[Black "Maffu"]
[Result "1-0"]
[WhiteElo "1485"]
[BlackElo "1674"]

1. e3 Nf6 2. b3 e6 3. c4 Bb4 4. g3 c5 5. Bg2 O-O 6. Bb2 d5 7. Ne2 Nc6 8. a3 Ba5
9. O-O Rb8 10. d4 b5 11. dxc5 bxc4 12. b4 Bc7 13. Nf4 Bxf4 14. exf4 a5 15. Be5
Ra8 16. b5 Nxe5 17. fxe5 Nd7 18. Qd4 Qg5 19. f4 Qe7 20. c6 Nb8 21. a4 f6 22.
exf6 Rxf6 23. Nc3 e5 24. Qb6 Bg4 25. Nxd5 Qe6 26. Nc7 Qd6 27. Nxa8 Nd7 28. cxd7
Qxb6+ 29. Nxb6 1-0

[Event "AUTO-INT-956"]
[Site "http://www.queenalice.com/game.php?id=429088"]
[Date "2008.7.7"]
[Round "1"]
[White "Maffu"]
[Black "barcino"]
[Result "1-0"]
[WhiteElo "1665"]
[BlackElo "1494"]

1. e4 e6 2. Qe2 a6 3. b3 b5 4. Bb2 Bb7 5. d4 Qh4 6. Nd2 Bb4 7. O-O-O Bxd2+ 8.
Rxd2 Qxe4 9. Qd1 g6 10. f3 Qd5 11. Ne2 g5 12. h4 b4 13. hxg5 Qxg5 14. d5 e5 15.
f4 Qe7 16. fxe5 Qg5 17. e6 f6 18. exd7+ Nxd7 19. d6 c6 20. Nd4 c5 21. Ne6 Qg3
22. Nc7+ Kd8 23. Nxa8 Bxa8 24. Rh3 Qf4 25. Bxa6 Bxg2 26. Rh5 Nb8 27. Bb5 Nh6 28.
Kb1 Bc6 29. Rxc5 Bf3 30. Qe1 Nf5 31. Bxf6+ Ne7 32. dxe7# 1-0

[Event "AUTO-INT-956"]
[Site "http://www.queenalice.com/game.php?id=429089"]
[Date "2008.7.7"]
[Round "1"]
[White "barcino"]
[Black "Peppone"]
[Result "0-1"]
[WhiteElo "1533"]
[BlackElo "1647"]

1. e3 e5 2. Qh5 d6 3. Nc3 Nf6 4. Qf3 Nc6 5. h3 Be7 6. Bb5 Bd7 7. g4 a6 8. Ba4
O-O 9. g5 Ne8 10. h4 Nb4 11. Qxb7 Bxa4 12. Qxb4 Bxc2 13. Nd5 c6 14. Qc4 cxd5 15.
Qxc2 Rc8 16. Qa4 Qb6 17. b3 Nc7 18. Ne2 Qb5 19. Qg4 f5 20. Qh3 Ne6 21. Nc3 Qd3
22. e4 dxe4 23. Qxd3 exd3 24. Nd5 Bd8 25. Ba3 Rc6 0-1

[Event "AUTO-INT-956"]
[Site "http://www.queenalice.com/game.php?id=429090"]
[Date "2008.7.7"]
[Round "1"]
[White "Peppone"]
[Black "barcino"]
[Result "1-0"]
[WhiteElo "1631"]
[BlackElo "1546"]

1. e4 g6 2. d4 Nh6 3. Nf3 f5 4. e5 e6 5. Bc4 Bb4+ 6. c3 Ba5 7. O-O a6 8. Bxh6 b5
9. Bg5 bxc4 10. Bxd8 Kxd8 11. Qa4 Bb6 12. Qxc4 h6 13. Nbd2 g5 14. a4 Nc6 15. d5
Na5 16. Qa2 Bb7 17. dxe6 g4 18. Nh4 f4 19. exd7 g3 20. Qf7 gxf2+ 21. Rxf2 Bxf2+
22. Kxf2 Bc6 23. Nf5 Bxd7 24. Qf6+ Kc8 25. Qxh8+ 1-0

[Event "AUTO-INT-956"]
[Site "http://www.queenalice.com/game.php?id=429091"]
[Date "2008.7.7"]
[Round "1"]
[White "barcino"]
[Black "andre_ramos"]
[Result "0-1"]
[WhiteElo "1509"]
[BlackElo "1531"]

1. e3 c5 2. g3 d5 3. h3 e5 4. Nf3 e4 5. Ne5 Bd6 6. Qh5 Qe7 7. Bb5+ Bd7 8. Bxd7+
Nxd7 9. Nxd7 Qxd7 10. Qxd5 Nf6 11. Qb3 O-O 12. Nc3 a6 13. Nd5 Nxd5 14. Qxd5 Rfe8
15. b3 Re5 16. Qc4 b5 17. Qe2 Rd5 18. Bb2 a5 19. c4 bxc4 20. Qxc4 Be7 21. Qc3
Bf6 22. Qc2 Be7 23. O-O Rxd2 24. Qxe4 Re8 25. Qg4 Qxg4 26. hxg4 Rxb2 27. Rfd1
Bf6 28. Rd5 Rc8 29. f4 Rxb3 30. Rad1 Rxe3 31. Kf2 Bd4 32. Kg2 Re2+ 33. Kh3 Rxa2
34. g5 a4 35. f5 Ra1 36. Rd3 Rh1+ 37. Kg4 Ra8 38. Ra3 Ra1 39. Rxa1 Bxa1 40. Rxc5
a3 41. f6 gxf6 42. gxf6 Bxf6 43. Kf5 Bg7 44. Rc2 a2 0-1

[Event "AUTO-INT-956"]
[Site "http://www.queenalice.com/game.php?id=429092"]
[Date "2008.7.7"]
[Round "1"]
[White "andre_ramos"]
[Black "barcino"]
[Result "0-1"]
[WhiteElo "1496"]
[BlackElo "1491"]

1. e4 g6 2. d4 e6 3. Nf3 d5 4. exd5 Qxd5 5. Bd3 Bg7 6. Nc3 Qd7 7. Bc4 a6 8. O-O
b5 9. Bb3 Bb7 10. Ne5 Bxe5 11. dxe5 Qc6 12. Qg4 Nd7 13. Bf4 h6 14. Ne4 Qxe4 0-1

[Event "Challenge"]
[Site "http://www.queenalice.com/game.php?id=430217"]
[Date "2008.7.9"]
[Round "-"]
[White "romabit"]
[Black "barcino"]
[Result "0-1"]
[WhiteElo "1299"]
[BlackElo "1494"]

1. d4 e6 2. e4 d5 3. e5 c5 4. c3 c4 5. Nf3 h6 6. Be2 h5 7. O-O Nh6 8. Bxh6 Rxh6
9. Nbd2 h4 10. b3 h3 0-1

[Event "QA-ANNIV-04"]
[Site "http://www.queenalice.com/game.php?id=445712"]
[Date "2008.8.8"]
[Round "2"]
[White "RobertD"]
[Black "barcino"]
[Result "1-0"]
[WhiteElo "1859"]
[BlackElo "1550"]

1. e4 e6 2. d4 Qh4 3. Bd3 Nc6 4. Nf3 Qf6 5. e5 Qd8 6. Be3 a6 7. a3 b5 8. O-O Bb7
9. Be4 h6 10. c3 f6 11. Bg6+ Ke7 12. Nh4 fxe5 13. dxe5 Nxe5 14. f4 Nc4 15. Qe2
d6 16. Bd3 Kd7 17. Bxc4 bxc4 18. Qxc4 Qxh4 19. Nd2 Qg4 20. Nf3 Nf6 21. Rad1 Bxf3
22. Rxf3 d5 23. Qa4+ c6 24. Bd4 Bd6 25. Rg3 Qxf4 26. Rxg7+ Be7 27. Rf1 Qe4 28.
Rxf6 Qh4 29. Rxe7+ Kxe7 30. Bc5+ Kxf6 31. Qxh4+ Kf5 32. Qh5+ Ke4 33. Qf3+ Ke5
34. Bd4+ Kd6 35. Bxh8 Rxh8 36. Qf4+ Kd7 37. Qf7+ Kd6 38. Qa7 Rf8 39. Qxa6 e5 40.
b4 Rb8 41. Qe2 e4 42. Qe3 Rh8 43. Qf4+ Ke6 44. a4 h5 45. a5 h4 46. Qc7 Kf5 47.
Qxc6 Rd8 48. a6 1-0